000 00795cfm a22002055a 4500
001 L140404
008 070920s1790 xxk a 0 h eng u
035 _a(Sirsi) u140404
041 0 _aeng
100 1 _aBowles, Robert
245 0 0 _aMap of a farm called Duckhurst in the Parish of Staplehurst in Kent belonging to the Messrs. Ward's
_h[cartographic material]
255 _a1:594
260 _c1790
300 _a1 ms. map
_bparchment, col. $5 2 x 63 cm.
500 _aManuscript map with hand colouring.
500 _aNote from map: 'The estate survey'd and delineated by the following scale of perches by Robert Bowles of Staplehurst, in the year 1790'.
651 4 _aKent
690 _aENVIRONMENTAL AND LAND CONSULTANCY-GEOMATICS-MAPPING AND POSITIONING-CARTOGRAPHY
942 _n0
999 _c116867
_d116867